Systém manažérstva bezpečnosti potravín podľa normy Normy STN EN ISO 22000:2006 A HACCP
Problematika potravinovej bezpečnosti v spoločnosti a v dodávateľských reťazcoch. Legislatíva v oblasti potravinovej bezpečnosti. Systémy manažérstva potravinovej bezpečnosti ako sú systém potravinovej bezpečnosti založený na prevencii a systém manažérstva bezpečnosti potravín podľa normy STN EN ISO...
Gespeichert in:
| 1. Verfasser: | |
|---|---|
| Format: | Buchkapitel |
| Sprache: | Slowakisch |
| Schlagworte: | |
| Tags: |
Keine Tags, Fügen Sie das erste Tag hinzu!
|
MARC
| LEADER | 00000nla$a2200000$$$4500 | ||
|---|---|---|---|
| 001 | 0146976 | ||
| 005 | 20220912135135.8 | ||
| 041 | 0 | |a slo | |
| 044 | |a SK | ||
| 245 | 1 | 0 | |a Systém manažérstva bezpečnosti potravín podľa normy Normy STN EN ISO 22000:2006 A HACCP |c Marek Šolc |
| 520 | |a Problematika potravinovej bezpečnosti v spoločnosti a v dodávateľských reťazcoch. Legislatíva v oblasti potravinovej bezpečnosti. Systémy manažérstva potravinovej bezpečnosti ako sú systém potravinovej bezpečnosti založený na prevencii a systém manažérstva bezpečnosti potravín podľa normy STN EN ISO 22000:2006. Výhody, ktoré vyplývajú zo zavedenia systému manažérstva bezpečnosti potravín podľa normy STN EN ISO 22000:2006. | ||
| 610 | 2 | 0 | |a bezpečnosť potravinová |
| 610 | 2 | 0 | |a Európa |
| 610 | 2 | 0 | |a Slovensko |
| 610 | 2 | 0 | |a normy kvality |
| 610 | 2 | 0 | |a prevencia |
| 610 | 2 | 0 | |a certifikáty |
| 100 | 1 | |a Šolc, Marek | |